Óda

Elmentve itt :
Bibliográfiai részletek
Szerzők: Romains Jules
Hankiss János
Dokumentumtípus: Cikk
Megjelent: 1928
Sorozat:Széphalom 2
Kulcsszavak:Szépirodalom
Online Access:http://acta.bibl.u-szeged.hu/20233
LEADER 00541nab a2200181 i 4500
001 acta20233
005 20210722152512.0
008 161015s1928 hu o 0|| hun d
040 |a SZTE Egyetemi Kiadványok Repozitórium  |b hun 
041 |a hun 
100 1 |a Romains Jules 
245 1 0 |a Óda  |h [elektronikus dokumentum] /  |c  Romains Jules 
260 |c 1928 
300 |a 171 
490 0 |a Széphalom  |v 2 
695 |a Szépirodalom 
700 0 1 |a Hankiss János  |e aut 
856 4 0 |u http://acta.bibl.u-szeged.hu/20233/1/szephalom_002_171.pdf  |z Dokumentum-elérés